Score 0/10 Timer 03:00
0 Plays Today
% Correct
confessor
94.3%
contesting
93.6%
progress
92.8%
profound
92%
conduct
91.9%
confuse
87.9%
protractor
86.6%
constitution
84%
provocation
72.1%
produce
56.8%

You're not logged in!

Compare scores with friends on all Sporcle quizzes.
OR
Log In

Sporcle TV

Today on Sporcle TV


Watch our educational content, quiz creation guides, and fun videos on Sporcle TV.

Show Comments

Extras

Top Quizzes Today


Score Distribution

Your Account Isn't Verified!

In order to create a playlist on Sporcle, you need to verify the email address you used during registration. Go to your Sporcle Settings to finish the process.

Report this User

Report this user for behavior that violates our Community Guidelines.

Details: